LEADER 01176nam a2200277 u 4500 001 000000078449 003 CaOOAMICUS 005 20070226123430.0 008 040428s2002 it u000 u ita u 020 $a8851400415 035 $a10992332 040 $aPUL$bita 100 1 $aSvidercoschi, Gian Franco.$0(OLS)http://pul/name/33756 245 13$aUn concilio che continua :$bcronaca, bilancio, prospettive del Vaticano II /$cGian Franco Sviercoschi. 260 $aMilano :$bÀncora,$cc2002. 300 $a182 p. ;$c22 cm 500 $a"Postfazione del card. Roberto Tucci". 504 $aBibliografia in nota. 611 24$aConcilium Vaticanum$n(2 :$d1962-1965).$0(OLS)http://pul/subject/71 850 $aPUL 852 $aPUL$W1$xSL Religione 1$y3$m30 E 58$j100613$nBK-PRI$b $qStampati$B100613$CPULBib$Z2$F100613 $HPUL91956 $81 941 1 $a8 960 $aConcilio Vaticano II (1962-1965)$971 996 $6020$a8851400415$9(OLS)http://pul/number/102824 996 $6245$aUn concilio che continua :$bcronaca, bilancio, prospettive del Vaticano II$9(OLS)http://pul/title/102775 996 $6260$aMilano :$bÀncora$9(OLS)http://pul/publisher/53070 LEADER 01241nam a2200277 a 4500 001 000000171280 003 CaOOAMICUS 005 20181221152017.0 008 181221s1998 it a 000 u ita r 020 $a88-7448-858-0* 032 $aLibriCat 040 $aPUL$bita 082 14$a738 100 1 $aTiberia, Vitaliano.$0(OLS)http://pul/name/65070 245 13$aIl mosaico restaurato : $bl'arco della basilica dei Santi Cosma e Damiano / $cVitaliano Tiberia ; presentazioni di Paul Poupard e Claudio Strinati ; appendici di Marco Verita e Salvatore Barcellona. 260 $aRoma :$bGangemi,$c©1998. 300 $a95 p. : $bill. ; $c24 cm. 650 4$aMosaici$zItalia$zRoma.$0(OLS)http://pul/subject/26991 850 $aPUL 852 $aPUL$W1$xDP2 Cons. Gen., Altre Classi 3$y97$m738 TIBVI 1$j194961$qDDC 21$B199861$CPULBib$Z2$F199861 $H132023 $81 941 1 $a9 996 $6020$a88-7448-858-0*$9(OLS)http://pul/number/165596 996 $6082$a738$9(OLS)http://pul/classification/269 996 $6245$aIl mosaico restaurato : $bl'arco della basilica dei Santi Cosma e Damiano / $9(OLS)http://pul/title/212122 996 $6260$aRoma :$bGangemi$9(OLS)http://pul/publisher/62108